000 00832nam a2200241 i 4500
001 22747
003 ES-MaACL
005 20250823021522.0
007 t|
008 021204s1862 sp ||||1| spa d
080 _a241
080 _a171
100 1 _aAlonso y Rubio, Francisco.
_920432
245 1 0 _aBreves páginas dedicadas a la educación moral de sus hijos /
_cpor el Dr. D. Francisco Alonso y Rubio.
260 _aMadrid :
_bs.n.,
_c1862 (
_fEstab. Tip. a cargo de F. Gamayo)
300 _aXI, 276 p. ;
_c19 cm.
530 _aDisponible en formato digital.
650 7 _aMoral cristiana
_2embne
_9142371
650 7 _aMoral práctica
_2embne
_911261
852 4 _aES-MaACL
_jG-11122
856 4 _uhttp://bdh-rd.bne.es/viewer.vm?id=0000086919&page=1
_zBiblioteca Digital Hispánica
999 _c22747
_d22747